|
|
|
|
| LEADER |
00000nab#a22000007a#4500 |
| 001 |
arbauad025053 |
| 003 |
AR-BaUAD |
| 005 |
20250711112104.0 |
| 008 |
970224|||||||||###||||||b###|0###a|spa|| |
| 040 |
|
|
|a AR-BaUAD
|c AR-BaUAD
|b spa
|
| 100 |
|
|
|a Almeida, Luis
|
| 245 |
|
|
|a Made in Mexico :
|b today's graphic design /
|c Luis Almeida;
|
| 300 |
0 |
|
|b fot., il.
|
| 653 |
|
|
|a DISEÑO GRAFICO
|
| 653 |
|
|
|a MEXICO
|
| 653 |
|
|
|a TAPAS DE LIBROS
|
| 653 |
|
|
|a DISEÑO EDITORIAL
|
| 653 |
|
|
|a FOLLETOS
|
| 653 |
|
|
|a AFICHES
|
| 653 |
|
|
|a PACKAGING
|
| 773 |
0 |
|
|t PRINT
|g vol. 51, no. 1 [ene.-feb. 1997], p. 106-115
|
| 942 |
|
|
|c ARTI
|
| 952 |
|
|
|0 0
|1 0
|4 0
|7 0
|9 69972
|a AR-BAuAD
|b AR-BAuAD
|d 2025-07-11
|l 0
|p AAQA025053
|r 2025-07-11 11:21:04
|w 2025-07-11
|y ARTI
|
| 990 |
|
|
|a DG199
|b TD
|
| 998 |
|
|
|a AAQ
|b BIBUN76
|
| 999 |
|
|
|c 49645
|d 49645
|